Power TV-Series Trivia - Statistics

General Stats
  • This quiz has been taken 258 times
  • The average score is 14 of 20
Answer Stats
Hint Answer % Correct
Who killed Angela Tommy
99%
James' Alias Ghost
97%
In what season is Holly killed 3
84%
Who Killed Shawn Kanan
82%
Who goes by Slim Kanan
82%
Who kills Ghost Tariq
80%
What was Shawn's job Driver
76%
Name the theme song Big Rich Town
74%
Who steals Tasha's Earings Holly
73%
Name Tariq's Twin Raina
70%
Who was Tommy and Ghosts lawyer Joseph Proctor
67%
Angela's sister is ... Paz
65%
Who setup Julio Dre
62%
What is Tommy's mother's name Kate
62%
What is Tariq's nickname Riq
60%
Greg Knox's murderer Mike
59%
Who is Tariq's roomate at Choate Brayden
55%
Name Lobos' killers Ghost and Tommy
49%
What college does Tariq attend Stansfield
40%
What character does Kendrick Lamar Play Laces
30%
No matching quizzes found
Score Distribution
Percent of People with Each Score
Percentile by Number Answered
Your Score History
You have not taken this quiz